000 00939nam a2200253Ia 4500
003 OSt
005 20220923222221.0
006 a|||||r|||| 00| 0
007 ta
008 220922b |||||||| |||| 00| 0 hin d
024 _a203,792
037 _cTextual
040 _aARTS
_cARTS
_bhin
041 _2hin
_ahin
082 _aO1591,1NSHx, 152M7
100 _aमहापात्र, सीताकांत; पुरोहित, श्ंाकरलाल, अनु.
_9166360
245 0 _aअष्टपदी
246 _aAṣhṭapadī
260 _aदिल्ली
_b जयश्री प्रका0
_c1987
300 _a147पृ0
_ccm.
650 _aउड़िया साहित्य
_9156264
942 _hO1591,1NSHx, 152M7
_cTEXL
_2CC
999 _c354542
_d354542